[Event "European Blitz 2015"]
[Site "Minsk BLR"]
[Date "2015.12.18"]
[Round "14.22"]
[White "Triapishko, Olexandr"]
[Black "Popov, Ivan RUS"]
[Result "0-1"]
[BlackTitle "GM"]
[WhiteElo "2471"]
[BlackElo "2650"]
[WhiteFideId "14122286"]
[BlackFideId "4170350"]
[EventDate "2015.12.18"]
[EventType "swiss (blitz)"]

1. e4 c6 2. d3 d5 3. Nd2 Nf6 4. Ngf3 Bg4 5. h3 Bh5 6. Be2 e6 7. O-O Bc5 8. Ne5
Bg6 9. Nxg6 hxg6 10. e5 Nfd7 11. c3 Be7 12. d4 c5 13. Nf3 Nc6 14. a3 c4 15. Nh2
b5 16. Ng4 a5 17. Be3 Rb8 18. f4 b4 19. axb4 axb4 20. Ra6 Nb6 21. Qa1 Qc8 22.
Kh2 Kd7 23. Bd1 Ra8 24. Rxa8 Qxa8 25. Bf3 Na4 26. Nf2 Rb8 27. g4 bxc3 28. bxc3
Rb3 29. Bd2 Ra3 30. Qc1 Qa5 31. Nd1 Ra2 32. Rf2 Qb5 33. Be1 Rxf2+ 34. Bxf2 Qb3
35. Be1 Qa2+ 36. Qd2 Qb1 37. Kg2 Na5 38. Ne3 Nb3 39. Qd1 Qb2+ 40. Qc2 Ba3 41.
Bd1 Qxc2+ 42. Bxc2 Bc1 43. Kf3 Kc6 44. f5 gxf5 45. gxf5 Kb5 46. f6 gxf6 47. exf6
Nd2+ 48. Bxd2 Bxd2 49. h4 Nxc3 50. h5 Ne4 51. Bxe4 dxe4+ 52. Kxe4 c3 53. Nc2 Kc4
54. d5 exd5+ 55. Ke5 Bg5 56. Kf5 Bh6 57. Ke5 Bc1 58. Kd6 d4 59. Nxd4 Kxd4 60.
Ke7 c2 61. Kxf7 Bh6 0-1

[Event "European Blitz 2015"]
[Site "Minsk BLR"]
[Date "2015.12.18"]
[Round "14.23"]
[White "Chigaev, Maksim"]
[Black "Potapov, Alexey"]
[Result "1-0"]
[WhiteTitle "IM"]
[BlackTitle "IM"]
[WhiteElo "2526"]
[BlackElo "2389"]
[WhiteFideId "4108116"]
[BlackFideId "4182138"]
[EventDate "2015.12.18"]
[EventType "swiss (blitz)"]

1. e4 c6 2. d4 d5 3. e5 c5 4. dxc5 e6 5. a3 Bxc5 6. Qg4 g6 7. b4 h5 8. Qf4 Be7
9. Nf3 Nh6 10. Bd3 Nf5 11. O-O Rg8 12. Qd2 Nc6 13. Bb2 Nh4 14. Nxh4 Bxh4 15. Qe2
Be7 16. Nd2 Bd7 17. c4 dxc4 18. Nxc4 Kf8 19. Rad1 Qc7 20. Be4 Rd8 21. Nd6 Be8
22. Qe3 f5 23. Bb1 Kg7 24. b5 Na5 25. Rc1 Qb8 26. Rfd1 g5 27. Qc3 b6 28. Qc7
Qxc7 29. Rxc7 Rd7 30. Nxf5+ exf5 31. e6+ Kg6 32. exd7 Bf7 33. Rc8 Rd8 34. Be5
Be6 35. Rxd8 Bxd8 36. h3 g4 37. hxg4 hxg4 38. Rc1 Bxd7 39. Rd1 Bxb5 40. Rxd8 Nc4
41. Bf4 Bc6 42. Rc8 Bd5 43. Ba2 b5 44. Rc5 Bf7 45. Rxb5 1-0

[Event "European Blitz 2015"]
[Site "Minsk BLR"]
[Date "2015.12.18"]
[Round "14.24"]
[White "Zubritskiy, Artyom"]
[Black "Pankov, German"]
[Result "1-0"]
[WhiteTitle "FM"]
[BlackTitle "IM"]
[WhiteElo "2422"]
[BlackElo "2404"]
[WhiteFideId "4181247"]
[BlackFideId "4174569"]
[EventDate "2015.12.18"]
[EventType "swiss (blitz)"]

1. Nf3 d5 2. c4 c6 3. g3 Nf6 4. Bg2 Bf5 5. O-O e6 6. d3 Be7 7. Nbd2 Nbd7 8. b3
h6 9. Bb2 O-O 10. Qc2 a5 11. a4 Re8 12. Rfe1 Bf8 13. Rad1 Nc5 14. Ne5 Nfd7 15.
Nef3 Bh7 16. e4 Na6 17. Qb1 Nb4 18. d4 Nf6 19. Ne5 Qc7 20. f3 c5 21. Kh1 Rad8
22. cxd5 exd5 23. Rc1 dxe4 24. fxe4 b6 25. Rf1 Bd6 26. Ndc4 Bxe5 27. dxe5 Ng4
28. h3 Nd3 29. hxg4 Nxc1 30. Qxc1 Qd7 31. Qf4 Qe6 32. Nd6 Rf8 33. Qf3 Rd7 34.
Bh3 Bg6 35. Kh2 Qe7 36. g5 Qxg5 37. Bxd7 Qd2+ 38. Rf2 1-0

[Event "European Blitz 2015"]
[Site "Minsk BLR"]
[Date "2015.12.18"]
[Round "14.25"]
[White "Malakhov, Igor"]
[Black "Kovalev, Vladislav"]
[Result "0-1"]
[WhiteTitle "IM"]
[BlackTitle "GM"]
[WhiteElo "2451"]
[BlackElo "2546"]
[WhiteFideId "4183088"]
[BlackFideId "13504398"]
[EventDate "2015.12.18"]
[EventType "swiss (blitz)"]

1. e4 e5 2. Nf3 Nc6 3. Bb5 a6 4. Ba4 Nf6 5. Bxc6 dxc6 6. d3 Bd6 7. Nbd2 Be6 8.
b3 Qe7 9. Nc4 Nd7 10. Bb2 f6 11. Nh4 g6 12. g3 Bc5 13. Qe2 b5 14. Ne3 a5 15. a4
Nb6 16. f4 exf4 17. gxf4 Bb4+ 18. Kf2 f5 19. Nf3 Rf8 20. e5 Nd5 21. Nxd5 Bxd5
22. h4 Bc5+ 23. Kg3 h6 24. c4 bxc4 25. bxc4 Be6 26. d4 Bb4 27. Rad1 Rd8 28. Rhg1
Qf7 29. Rc1 Rb8 30. Rgd1 Be7 31. Ba1 g5 32. d5 gxf4+ 33. Kf2 cxd5 34. cxd5 Bxd5
35. Rxc7 Qe6 36. Nd4 Qg6 37. Rg1 Bxh4+ 38. Kf1 Rb1+ 0-1

[Event "European Blitz 2015"]
[Site "Minsk BLR"]
[Date "2015.12.18"]
[Round "14.26"]
[White "Mikhalevski, Victor"]
[Black "Sarana, Alexey"]
[Result "0-1"]
[WhiteTitle "GM"]
[WhiteElo "2535"]
[BlackElo "2432"]
[WhiteFideId "2801914"]
[BlackFideId "24133795"]
[EventDate "2015.12.18"]
[EventType "swiss (blitz)"]

1. c4 Nf6 2. g3 c6 3. Nf3 d5 4. b3 g6 5. Bg2 Bg7 6. O-O O-O 7. Bb2 Nbd7 8. d4 a5
9. Nc3 Nb6 10. Ne5 Be6 11. cxd5 Nbxd5 12. Na4 Nd7 13. Nd3 Nb4 14. Nf4 Bg4 15. h3
Bf5 16. e4 Be6 17. g4 Qc7 18. Nxe6 fxe6 19. a3 Na6 20. e5 Bh6 21. Bc1 Bf4 22.
Nc3 Rad8 23. Ne2 Bxc1 24. Qxc1 c5 25. Qe3 Qb6 26. d5 exd5 27. Bxd5+ e6 28. Bc4
Nc7 29. Rad1 Nb8 30. Nf4 Qc6 31. Rd2 b5 32. Be2 Rxd2 33. Qxd2 Nd7 34. Qd6 Qxd6
35. exd6 Ne8 36. Nxe6 Rf6 37. Bxb5 Ne5 38. d7 Nxd7 39. Bxd7 Nd6 40. Re1 Rf3 41.
Nxc5 Rc3 42. b4 Rxa3 43. b5 Rc3 44. Re5 Nc4 45. Be6+ 0-1

[Event "European Blitz 2015"]
[Site "Minsk BLR"]
[Date "2015.12.18"]
[Round "14.27"]
[White "Milov, Vadim"]
[Black "Girya, Olga"]
[Result "1-0"]
[WhiteTitle "GM"]
[BlackTitle "WGM"]
[WhiteElo "2615"]
[BlackElo "2456"]
[WhiteFideId "1304364"]
[BlackFideId "4195752"]
[EventDate "2015.12.18"]
[EventType "swiss (blitz)"]

1. d4 d5 2. c4 c6 3. Nf3 Nf6 4. e3 Bf5 5. Nc3 e6 6. Nh4 Bg6 7. Nxg6 hxg6 8. a3
Nbd7 9. g3 Bd6 10. Bg2 dxc4 11. O-O O-O 12. Qe2 e5 13. Rd1 exd4 14. Rxd4 Ne5 15.
Qd1 Nd3 16. Rxc4 Nxc1 17. Rd4 Nb3 18. Qxb3 Qe7 19. Rad1 Bc5 20. R4d3 Bb6 21. Na4
Qc7 22. Nxb6 axb6 23. h3 Rad8 24. e4 Nd7 25. Qc3 Nc5 26. R3d2 Ne6 27. e5 Rxd2
28. Rxd2 Rd8 29. f4 c5 30. h4 Rxd2 31. Qxd2 Nd4 32. Qe3 b5 33. Qe4 b6 34. Qa8+
Kh7 35. Qe8 b4 36. Bd5 Ne6 37. h5 gxh5 38. Bxe6 fxe6 39. Qxh5+ Kg8 40. Qe8+ Kh7
41. Qxe6 bxa3 42. bxa3 c4 43. Qf5+ Kg8 44. Qc2 c3 45. Kf2 Qc5+ 46. Ke2 b5 47.
Qb3+ Kh7 48. Kd3 Qg1 49. Qxc3 Qxg3+ 50. Kc2 Qf2+ 51. Kb3 Qxf4 52. Qd3+ Kg8 53.
Qxb5 Qe3+ 54. Kb4 g5 55. Qd5+ Kf8 56. e6 Qe1+ 57. Kb5 Qe2+ 58. Kb6 Qb2+ 59. Kc7
Qc3+ 60. Kd7 Qf6 61. Qd6+ 1-0

[Event "European Blitz 2015"]
[Site "Minsk BLR"]
[Date "2015.12.18"]
[Round "14.28"]
[White "Kryakvin, Dmitry"]
[Black "Ambartsumova, Karina"]
[Result "1-0"]
[WhiteTitle "GM"]
[BlackTitle "WGM"]
[WhiteElo "2529"]
[BlackElo "2267"]
[WhiteFideId "4153278"]
[BlackFideId "4166299"]
[EventDate "2015.12.18"]
[EventType "swiss (blitz)"]

1. d4 d5 2. c4 e6 3. Nc3 Be7 4. Nf3 Nf6 5. Bg5 O-O 6. e3 h6 7. Bxf6 Bxf6 8. Qc2
c6 9. Rd1 Nd7 10. Be2 dxc4 11. Bxc4 b5 12. Bd3 Bb7 13. O-O Be7 14. Ne4 Qb6 15.
Rc1 Rac8 16. Nc5 Nxc5 17. dxc5 Qc7 18. Bh7+ Kh8 19. Be4 a5 20. Rfd1 Rfd8 21. a3
Kg8 22. b4 axb4 23. axb4 Bf6 24. g3 Ra8 25. Nd4 Ra4 26. Rb1 Rda8 27. Bf3 Ra2 28.
Qe4 Rb8 29. h4 Ra4 30. Kg2 Ba8 31. Nb3 Bc3 32. Nd4 Bxb4 33. Nxe6 Qe7 34. Rxb4
Rxb4 35. Qxb4 Qxe6 36. Rd6 Qe8 37. h5 Rd8 38. Qa5 Rb8 39. Rd4 Qe7 40. Qc3 Qb7
41. Rg4 f5 42. Rb4 Qf7 43. Qe5 Re8 44. Qd6 Qe7 45. Qd4 Qe5 46. Qd7 Qe7 47. Qxf5
Rf8 48. Qc2 Bb7 49. Rf4 Rd8 50. Qc3 Rc8 51. Rd4 Rf8 52. Rf4 Rd8 53. Re4 Qf7 54.
Qa5 Rf8 55. Rf4 Qe7 56. Qb6 Rc8 57. Rd4 Rf8 58. Rf4 Rc8 59. g4 Kh7 60. Re4 Qf7
61. Rf4 Qe7 62. Qa5 Kh8 63. Qc3 Rd8 64. Qb3 Bc8 65. Rf7 Qxc5 66. Qb2 Qg5 67. Qb4
Bxg4 68. Qxg4 Qe5 69. Rd7 Rf8 70. Rb7 Qf6 71. e4 c5 72. Rxb5 c4 73. Rf5 Qe7 74.
Rxf8+ Qxf8 75. Qe6 Qc5 76. Qe8+ Kh7 77. e5 Qd4 78. Qg6+ Kg8 79. e6 Qd6 80. Qf7+ 1-0

[Event "European Blitz 2015"]
[Site "Minsk BLR"]
[Date "2015.12.18"]
[Round "14.29"]
[White "Gurvich, Vitaly"]
[Black "Harutjunyan, Gevorg"]
[Result "1-0"]
[WhiteTitle "FM"]
[BlackTitle "GM"]
[WhiteElo "2308"]
[BlackElo "2436"]
[WhiteFideId "24164852"]
[BlackFideId "13300873"]
[EventDate "2015.12.18"]
[EventType "swiss (blitz)"]

1. d4 Nf6 2. c4 d6 3. Nf3 g6 4. Nc3 Bg7 5. e4 O-O 6. h3 e5 7. d5 Nh5 8. g3 f5 9.
exf5 gxf5 10. Bg5 Qe8 11. Be2 Nf6 12. Qd2 Na6 13. Bh6 Nc5 14. Bxg7 Kxg7 15.
O-O-O a5 16. Nh4 Kh8 17. f4 Nfe4 18. Nxe4 fxe4 19. Qc3 Na4 20. Qe3 Qe7 21. b3
Nc5 22. Qc3 Bd7 23. Rdf1 Qg7 24. fxe5 dxe5 25. Qe3 b6 26. g4 Rf4 27. Ng2 Raf8
28. Kc2 Qf6 29. Nxf4 exf4 30. Qc3 Qxc3+ 31. Kxc3 Kg7 32. Kd4 f3 33. Bd1 Re8 34.
Ke3 c6 35. Bc2 cxd5 36. Rd1 dxc4 37. bxc4 Be6 38. Rd4 Bf7 39. Rb1 Re6 40. h4 h6
41. Rg1 Rg6 42. Bxe4 f2 43. Kxf2 Rf6+ 44. Kg3 Ne6 45. Rd2 Nc5 46. Bd5 Bg6 47.
Rf2 Rd6 48. Rgf1 b5 49. h5 Be8 50. Rf8 bxc4 51. Rg8+ Kh7 52. Rxe8 Rd7 53. Bxc4
Rg7 54. Rf7 1-0

[Event "European Blitz 2015"]
[Site "Minsk BLR"]
[Date "2015.12.18"]
[Round "14.30"]
[White "Tsyhanchuk, Stanislav"]
[Black "Skliarov, Viktor"]
[Result "1-0"]
[WhiteTitle "IM"]
[BlackTitle "FM"]
[WhiteElo "2362"]
[BlackElo "2420"]
[WhiteFideId "13505130"]
[BlackFideId "14106736"]
[EventDate "2015.12.18"]
[EventType "swiss (blitz)"]

1. Nf3 g6 2. e4 c5 3. Bc4 Bg7 4. c3 e6 5. d4 cxd4 6. Nxd4 d5 7. exd5 exd5 8.
Bb5+ Bd7 9. O-O Ne7 10. Bg5 Nbc6 11. Re1 f6 12. Bf4 Nxd4 13. Bxd7+ Qxd7 14. Qxd4
O-O 15. Nd2 Nc6 16. Qd3 d4 17. Nf3 Qg4 18. Qc4+ Kh8 19. Bg3 Rad8 20. h3 Qd7 21.
cxd4 Nxd4 22. Nxd4 Qxd4 23. Qxd4 Rxd4 24. Re7 Rb4 25. b3 f5 26. Rd1 f4 27. Bh4
g5 28. Bxg5 Rb5 29. Bh4 Rh5 30. Rdd7 Rxh4 31. Rxg7 f3 32. Rxb7 fxg2 33. Kxg2 a5
34. Kg3 Rh6 35. h4 Ra8 36. Ra7 Rg6+ 37. Rxg6 Rxa7 38. Rb6 a4 39. b4 a3 40. b5
Ra4 41. Rb7 Rb4 42. b6 h5 43. Rb8+ Kg7 44. b7 Rb2 45. f3 Rb4 46. f4 Rb2 47. f5
Rb6 48. Kf4 Kh7 49. Kg5 Rb2 50. Kxh5 1-0

[Event "European Blitz 2015"]
[Site "Minsk BLR"]
[Date "2015.12.18"]
[Round "14.31"]
[White "Rogule, Laura"]
[Black "Sivuk, Vitaly"]
[Result "1-0"]
[WhiteTitle "WGM"]
[BlackTitle "GM"]
[WhiteElo "2289"]
[BlackElo "2552"]
[WhiteFideId "11601876"]
[BlackFideId "14116502"]
[EventDate "2015.12.18"]
[EventType "swiss (blitz)"]

1. c4 Nf6 2. d4 e6 3. Nf3 d5 4. Nc3 dxc4 5. e3 a6 6. Bxc4 b5 7. Bd3 Bb7 8. Qe2
Nbd7 9. e4 c5 10. e5 Nd5 11. Ne4 cxd4 12. O-O Qb6 13. Rd1 h6 14. a4 bxa4 15.
Rxa4 Nc5 16. Nxc5 Bxc5 17. Nxd4 Nb4 18. Be4 Bxe4 19. Qxe4 Nd5 20. Nxe6 fxe6 21.
Qg6+ Kd7 22. Qxg7+ Be7 23. Qg4 Kc7 24. Rc4+ Kb7 25. Rxd5 Rhd8 26. Rxd8 Rxd8 27.
Be3 Qxb2 28. h3 Qxe5 29. Rc1 h5 30. Rb1+ Ka8 31. Qf3+ Qd5 32. Qf7 Qd7 33. Qf3+
Qd5 34. Qf4 Bd6 35. Qa4 Bb8 36. Qxa6+ 1-0

[Event "European Blitz 2015"]
[Site "Minsk BLR"]
[Date "2015.12.18"]
[Round "14.33"]
[White "Minko, Vladimir"]
[Black "Tukhaev, Adam"]
[Result "0-1"]
[WhiteTitle "FM"]
[BlackTitle "GM"]
[WhiteElo "2361"]
[BlackElo "2564"]
[WhiteFideId "24146706"]
[BlackFideId "14109476"]
[EventDate "2015.12.18"]
[EventType "swiss (blitz)"]

1. d4 Nf6 2. c4 e6 3. g3 c5 4. Nf3 cxd4 5. Nxd4 Nc6 6. Bg2 Bb4+ 7. Bd2 Qb6 8.
Nb5 Bc5 9. Be3 Bxe3 10. fxe3 O-O 11. Qd2 Ng4 12. N1c3 Nxe3 13. Bf3 Nxc4 14. Qf4
d5 15. Rb1 Bd7 16. Nd6 Nxd6 17. Qxd6 Rad8 18. Qa3 Nd4 19. Kd2 Nxf3+ 20. exf3
Qf2+ 21. Ne2 Bb5 22. Rhe1 d4 23. Qb3 Ba6 24. Kd1 d3 25. Nf4 Qxf3+ 26. Kd2 Qf2+
27. Kd1 d2 28. Rh1 Rd4 0-1

[Event "European Blitz 2015"]
[Site "Minsk BLR"]
[Date "2015.12.18"]
[Round "14.34"]
[White "Novitzkij, Dmitrij"]
[Black "Ivanov, Alexander Al."]
[Result "1-0"]
[WhiteTitle "IM"]
[BlackTitle "GM"]
[WhiteElo "2317"]
[BlackElo "2397"]
[WhiteFideId "13500619"]
[BlackFideId "4126360"]
[EventDate "2015.12.18"]
[EventType "swiss (blitz)"]

1. e4 d6 2. d4 Nf6 3. Nc3 c6 4. g3 e5 5. Nge2 Be7 6. Bg2 h5 7. h3 Be6 8. dxe5
dxe5 9. Qxd8+ Bxd8 10. f4 Bc7 11. Be3 Bc4 12. b3 Ba6 13. f5 Nbd7 14. Kf2 Bb6 15.
Nd1 Bxe3+ 16. Nxe3 Bxe2 17. Kxe2 Nc5 18. Nc4 Ncd7 19. Nd6+ Ke7 20. Nxb7 Rac8 21.
Rad1 Rc7 22. Nd6 Nc5 23. Ke3 Rb8 24. Nc4 Nfd7 25. Bf3 h4 26. gxh4 Rh8 27. h5 Nb7
28. Rhg1 Rh7 29. Rg2 f6 30. Rdg1 Kf8 31. Rg6 Nb6 32. Nxb6 axb6 33. h6 Rxh6 34.
Rxh6 gxh6 35. Rg6 Rf7 36. Rxh6 Ke7 37. Bh5 Rg7 38. Rh8 Rg5 39. Rh7+ Kd6 40. Rxb7
Rxh5 41. Rxb6 Rxh3+ 42. Ke2 Rh2+ 43. Kd3 Rh3+ 44. Kd2 Rh2+ 45. Kc3 Kc5 46. Rb8
Rh3+ 47. Kb2 Rh4 48. Rf8 Rxe4 49. Rxf6 Rf4 50. a4 e4 51. c3 Rf2+ 52. Ka3 Rf3 53.
b4+ Kd5 54. Kb3 e3 55. Re6 Rxf5 56. Rxe3 Kd6 57. c4 Kc7 58. b5 c5 59. a5 Kd6 60.
a6 Kc7 61. Re6 Rf3+ 62. Ka4 1-0

[Event "European Blitz 2015"]
[Site "Minsk BLR"]
[Date "2015.12.18"]
[Round "14.35"]
[White "Przybylski, Wojciech"]
[Black "Kocheev, Aleksandr"]
[Result "1-0"]
[WhiteTitle "FM"]
[WhiteElo "2337"]
[BlackElo "2355"]
[WhiteFideId "1117599"]
[BlackFideId "13507842"]
[EventDate "2015.12.18"]
[EventType "swiss (blitz)"]

1. e4 e5 2. Nf3 Nc6 3. Nc3 Nf6 4. Bb5 Bb4 5. O-O O-O 6. d3 Bxc3 7. bxc3 d6 8. h3
Qe7 9. Re1 Nd8 10. d4 c6 11. Bd3 Qc7 12. Bg5 Ne6 13. Bh4 Nf4 14. Bf1 Ng6 15. Bg3
Nh5 16. Bh2 Nhf4 17. Qd2 h6 18. Kh1 f5 19. exf5 Bxf5 20. dxe5 dxe5 21. Nxe5 Nxe5
22. Bxf4 Rfe8 23. Qd4 Rad8 24. Bxe5 1-0

[Event "European Blitz 2015"]
[Site "Minsk BLR"]
[Date "2015.12.18"]
[Round "14.36"]
[White "Olhovik, Andrei"]
[Black "Popov, Mikhail"]
[Result "0-1"]
[BlackTitle "FM"]
[WhiteElo "2308"]
[BlackElo "2280"]
[WhiteFideId "13507397"]
[BlackFideId "4146182"]
[EventDate "2015.12.18"]
[EventType "swiss (blitz)"]

1. d4 e6 2. c4 f5 3. g3 Nf6 4. Bg2 Be7 5. Nf3 O-O 6. O-O Qe8 7. b3 Qh5 8. Bb2 d6
9. Nc3 Nbd7 10. e4 fxe4 11. Nd2 Qxd1 12. Raxd1 d5 13. f3 e3 14. Ndb1 dxc4 15.
bxc4 Nb6 16. c5 Nbd5 17. Nxd5 Nxd5 18. Rfe1 Bf6 19. Nc3 b6 20. Nxd5 exd5 21. c6
Re8 22. f4 Bg4 23. Bxd5+ Kh8 24. Rd3 e2 25. Bf3 Bxf3 26. Rxf3 Rad8 27. Rd3 Rd6
28. Kf2 Rxc6 29. Rxe2 Rxe2+ 30. Kxe2 Rc2+ 31. Rd2 Rc4 32. Kd3 Ra4 33. Bc3 Kg8
34. g4 Kf7 35. g5 Be7 36. h4 b5 37. Ke4 c5 38. Kd5 c4 39. f5 b4 40. Ba1 c3 41.
Re2 b3 42. Bxc3 bxa2 43. Ba1 Bd8 44. Ke5 Bb6 45. d5 Ke7 46. f6+ gxf6+ 47. gxf6+
Kf7 48. Rg2 Bc7+ 49. Kf5 Rf4+ 50. Kg5 Ra4 51. Kf5 Rf4+ 52. Kg5 h6+ 53. Kxh6
Rxh4+ 54. Kg5 Ra4 55. Kf5 Rf4+ 56. Kg5 Ra4 57. Re2 Bd6 58. Re6 Bf8 59. Rc6 Ra5
60. Rc7+ Ke8 61. Kg6 Rxd5 62. Rc8+ Rd8 63. f7+ Kd7 64. Rxd8+ Kxd8 65. Kf5 Ke7
66. Ke4 0-1

[Event "European Blitz 2015"]
[Site "Minsk BLR"]
[Date "2015.12.18"]
[Round "14.37"]
[White "Polivanov, Anatoliy"]
[Black "Shukh, Nikolai"]
[Result "1-0"]
[WhiteTitle "IM"]
[BlackTitle "IM"]
[WhiteElo "2426"]
[BlackElo "2435"]
[WhiteFideId "14109468"]
[BlackFideId "24102580"]
[EventDate "2015.12.18"]
[EventType "swiss (blitz)"]

1. e4 e5 2. Nf3 Nc6 3. Bc4 Nf6 4. d3 Bc5 5. c3 a6 6. Bb3 Ba7 7. Qe2 h6 8. h3 d6
9. Nbd2 Be6 10. Bc2 Qd7 11. Nf1 O-O-O 12. b4 d5 13. a4 Qd6 14. b5 Ne7 15. bxa6
Qxa6 16. Nxe5 d4 17. Bd2 dxc3 18. Bxc3 Nc6 19. Nf3 Rhe8 20. Ng3 Bd7 21. O-O Nd5
22. Bxg7 Ncb4 23. Be5 f6 24. exd5 fxe5 25. Bb3 Nxd3 26. Ne4 Bf5 27. Nfd2 Rg8 28.
Qh5 Rxg2+ 29. Kh1 Bg6 30. Bc4 Bxh5 31. Bxa6 Nf4 32. Ng3 Bf7 33. Bc4 Rg8 34. Nde4
Bd4 35. Rac1 Kd8 36. d6 Bxc4 37. dxc7+ Kxc7 38. Rxc4+ Kd7 39. Nf6+ Ke6 40. Nxg8
Kd5 41. Rb4 Bxf2 42. Rxf4 Rxg3 43. R4xf2 Rxg8 44. Rb2 Ra8 45. Rxb7 Rxa4 46. Rb5+
Ke4 47. Re1+ Kf4 48. Rbxe5 h5 49. Rxh5 Kg3 50. Rg1+ Kf3 51. Rf5+ Ke3 52. Re5+
Kf3 53. Rf5+ Ke3 54. Rfg5 Kf3 55. R5g3+ Kf2 56. R1g2+ Kf1 57. Kh2 Rh4 58. Rf3+
Ke1 59. Kg3 Rh8 60. Ra3 Rg8+ 61. Kf3 Rf8+ 62. Ke4 Kf1 63. Rb2 Re8+ 64. Kf5 Re1
65. Rab3 Kg1 66. Rb1 1-0

[Event "European Blitz 2015"]
[Site "Minsk BLR"]
[Date "2015.12.18"]
[Round "14.38"]
[White "Matinian, Nikita"]
[Black "Meribanov, Vitaly"]
[Result "1-0"]
[WhiteTitle "IM"]
[BlackTitle "IM"]
[WhiteElo "2470"]
[BlackElo "2392"]
[WhiteFideId "24129100"]
[BlackFideId "13504363"]
[EventDate "2015.12.18"]
[EventType "swiss (blitz)"]

1. e4 c5 2. Nf3 Nc6 3. Bb5 g6 4. Bxc6 dxc6 5. d3 Bg7 6. h3 Nf6 7. Be3 Nd7 8. Nc3
e5 9. Qd2 Qe7 10. Bh6 f6 11. Bxg7 Qxg7 12. a4 a5 13. Qe3 b6 14. Nd2 g5 15. Nc4
Qe7 16. h4 g4 17. Qh6 Ba6 18. Qh5+ Kd8 19. Qxg4 Bxc4 20. dxc4 Kc7 21. O-O-O Nf8
22. Rd2 Ne6 23. Ne2 Rhg8 24. Qf3 Nd4 25. Nxd4 cxd4 26. Rh3 Raf8 27. Rg3 Rxg3 28.
fxg3 Qb4 29. b3 b5 30. cxb5 cxb5 31. axb5 a4 32. Qd3 Kb6 33. bxa4 Ra8 34. Qb3
Rxa4 35. Qxb4 Rxb4 36. Rf2 Kxb5 37. Rxf6 Ra4 38. Kd2 Ra3 39. Rf3 Ra1 40. Rf5 Kc4
41. Rxe5 Rg1 42. Rg5 Rxg2+ 43. Kc1 Re2 44. Rg7 Rxe4 45. Rc7+ Kb4 46. Rxh7 Rg4
47. Rb7+ Kc4 48. Rb3 Re4 49. Rd3 Re2 50. Kb2 Rg2 51. Rf3 Kb4 52. Rb3+ Kc4 53.
Rf3 Kb4 54. Rd3 Kc4 55. h5 Rh2 56. g4 Rg2 57. h6 Rxg4 58. Rh3 Rg8 59. h7 Rh8 60.
Rh4 Kd5 61. Kc1 Ke5 62. Kd2 Kd5 63. Kd3 Kc5 64. Rh5+ 1-0

[Event "European Blitz 2015"]
[Site "Minsk BLR"]
[Date "2015.12.18"]
[Round "14.39"]
[White "Martynov, Roman"]
[Black "Aleksandrov, Aleksej"]
[Result "0-1"]
[BlackTitle "GM"]
[WhiteElo "2284"]
[BlackElo "2615"]
[WhiteFideId "14132044"]
[BlackFideId "13500139"]
[EventDate "2015.12.18"]
[EventType "swiss (blitz)"]

1. d4 d5 2. c4 e6 3. Nf3 Nf6 4. g3 dxc4 5. Bg2 Bb4+ 6. Bd2 a5 7. O-O Nc6 8. e3
Nd5 9. Qc2 Nb6 10. Rd1 O-O 11. e4 Bxd2 12. Rxd2 Qe7 13. Na3 Nb4 14. Qc3 c5 15.
Nxc4 Nxc4 16. Qxc4 b6 17. dxc5 Ba6 18. Qc3 Rac8 19. a3 Rxc5 20. Qb3 Bc4 21. Qe3
Nc6 22. Rc1 Ba6 23. Rxc5 Qxc5 24. Qxc5 bxc5 25. Bf1 Bxf1 26. Kxf1 Rb8 27. Rc2
Nd4 28. Nxd4 cxd4 29. e5 f6 30. Ke2 Rb3 31. Rc8+ Kf7 32. exf6 gxf6 33. Rc7+ Kg6
34. Rc5 0-1

[Event "European Blitz 2015"]
[Site "Minsk BLR"]
[Date "2015.12.18"]
[Round "14.41"]
[White "Goganov, Aleksey"]
[Black "Nazaretyan, Tigran"]
[Result "1-0"]
[WhiteTitle "GM"]
[WhiteElo "2597"]
[BlackElo "2301"]
[WhiteFideId "24109959"]
[BlackFideId "24162345"]
[EventDate "2015.12.18"]
[EventType "swiss (blitz)"]

1. d4 Nf6 2. c4 e6 3. Nf3 d5 4. g3 Bb4+ 5. Bd2 Bd6 6. Bg2 c6 7. O-O Nbd7 8. Bg5
h6 9. Bxf6 Nxf6 10. Nc3 Ne4 11. Nxe4 dxe4 12. Ne5 Qf6 13. Bxe4 Bxe5 14. dxe5
Qxe5 15. Qc2 f5 16. Bf3 O-O 17. Rad1 Qc5 18. Qc3 a5 19. e4 f4 20. e5 fxg3 21.
hxg3 Qb4 22. Kg2 Qxc3 23. bxc3 a4 24. Be4 Ra5 25. f4 Rc5 26. Rd4 b5 27. Rb1 g5
28. Bf3 gxf4 29. gxf4 Rxc4 30. Rxc4 bxc4 31. Kg3 Kg7 32. Rb6 Bd7 33. Rb7 Rf7 34.
Bh5 Re7 35. f5 exf5 36. e6 Rxe6 37. Rxd7+ Kf6 38. Kf2 Kg5 39. Bf3 c5 40. Ra7 Rb6
41. Rxa4 Rb2+ 42. Ke3 f4+ 43. Ke4 Rb1 44. Rxc4 Re1+ 45. Kd5 Re3 46. Be4 f3 47.
Rxc5 f2 48. Kd4+ Kf4 49. Rf5+ Kg3 50. Kxe3 1-0

[Event "European Blitz 2015"]
[Site "Minsk BLR"]
[Date "2015.12.18"]
[Round "14.42"]
[White "Savitskiy, Sergey"]
[Black "Potapov, Pavel"]
[Result "0-1"]
[WhiteTitle "FM"]
[BlackTitle "IM"]
[WhiteElo "2365"]
[BlackElo "2476"]
[WhiteFideId "24105660"]
[BlackFideId "4169786"]
[EventDate "2015.12.18"]
[EventType "swiss (blitz)"]

1. e4 d5 2. exd5 Qxd5 3. Nc3 Qd6 4. d4 Nf6 5. Nf3 g6 6. g3 Bg7 7. Bg2 Qa6 8. Qe2
O-O 9. Qxa6 Nxa6 10. a3 Bf5 11. Nh4 c6 12. Nxf5 gxf5 13. h3 Rad8 14. Be3 Nc7 15.
O-O-O Ncd5 16. Nxd5 cxd5 17. Bg5 Rd7 18. Bxf6 Bxf6 19. c3 b5 20. Kc2 e6 21. Kd3
Rc8 22. g4 fxg4 23. hxg4 Bg5 24. Rh5 h6 25. Bf1 a5 26. Kc2 b4 27. axb4 axb4 28.
Ba6 Rb8 29. cxb4 Rxb4 30. Rh3 Ra7 31. Bf1 Rab7 32. b3 Ra7 33. Kb2 Bf6 34. Rxh6
Bxd4+ 35. Kc2 Rc7+ 36. Kd3 e5 37. Rb1 Bxf2 38. Bg2 Rd4+ 39. Ke2 Rc2+ 40. Kf1 Bg3
41. Rf6 Rdd2 42. Bh1 Bf4 43. Bf3 0-1

[Event "European Blitz 2015"]
[Site "Minsk BLR"]
[Date "2015.12.18"]
[Round "14.43"]
[White "Kochetkova, Julia"]
[Black "Stupak, Kirill"]
[Result "1/2-1/2"]
[WhiteTitle "WGM"]
[BlackTitle "GM"]
[WhiteElo "2320"]
[BlackElo "2542"]
[WhiteFideId "4139690"]
[BlackFideId "13503758"]
[EventDate "2015.12.18"]
[EventType "swiss (blitz)"]

1. e4 e6 2. d4 d5 3. Nd2 Nc6 4. Ngf3 Nf6 5. e5 Nd7 6. c3 f6 7. exf6 Qxf6 8. Bd3
Bd6 9. Nf1 e5 10. dxe5 Ndxe5 11. Be2 Nxf3+ 12. Bxf3 Ne5 13. Be2 O-O 14. Be3 c6
15. Ng3 Qh4 16. Qd4 Qxd4 17. Bxd4 Ng6 18. O-O Nf4 19. Rfe1 Bd7 20. Bf1 b6 21. a4
h5 22. Be5 Bc5 23. Bd4 Bxd4 24. cxd4 h4 25. Nh1 Rfe8 26. f3 c5 27. dxc5 bxc5 28.
Nf2 Rxe1 29. Rxe1 Bxa4 30. g3 hxg3 31. hxg3 Ng6 32. Bh3 Bc6 33. Nd3 c4 34. Nb4
Bb7 35. Be6+ Kf8 36. Bxd5 Bxd5 37. Nxd5 Rb8 38. Re2 Rb3 39. Kg2 Kf7 40. f4 Nf8
41. Re7+ Kg8 42. Rxa7 Rxb2+ 43. Kf3 Rd2 44. Ne3 c3 45. Rc7 Ne6 46. Rxc3 Nd4+ 47.
Ke4 Ne2 48. Rc8+ Kh7 49. Nf5 Rd7 50. Rc2 Ng1 51. Ke3 g6 52. Nd4 g5 53. fxg5 Kg6
54. Rc6+ Kxg5 55. Nf3+ 1/2-1/2